Statistiken für Ein Land auf jedem Kontinent

Klicken Sie hier um das Quiz zu spielen!

Allgemein

  • Dieses Quiz wurde 299 mal gespielt
  • Das Durchschnittsergebnis liegt bei 5 aus 6

Antworten auf der Karte

Die Antworten werden auf der Karte rot bzw. grün angezeigt, abhängig davon wie oft sie richtig erraten wurden.
 

Antwortstatistiken

Antwort% Korrekt
Chile
92%
Myanmar
83%
Slowakei
81%
Fidschi
80%
Malawi
75%
Dominica
41%

Verteilung der Resultate

Perzentil nach korrekt beantworteten Fragen

Anzahl Personen mit jedem Resultat

Ihre Resultats-Entwicklung

Sie haben dieses Quiz noch nicht gespielt